00705nam a2200169Ia 4500001001000000003000500010008004100015010001100056040000900067100002600076245019900102260003500301300001100336502008600347650005500433710004700488Para_2862CHAP220125s1988 xx 000 0 und d a201377 cCHAP aPérez Mendoza, Joel aSusceptibilidad a insecticidas en poblaciones del picudo del maíz Sitphilus zeamais Motschulsky (Coleóptera :b Curculionidae) de varias localidades en México /c por Joel Pérez Mendoza aChapingo, Méx. :b El autor a192 h. aTesis (M.C. Esp. en Entomología) -- C.P. Centro de Entomología y Acarología aInsecticidas Maíz x Plagas Sitophilus zeamais aColegio de Postgraduados. Chapingo, Méx.